Why it is good to be good (Record no. 125390)
[ view plain ]
| 000 -LEADER | |
|---|---|
| fixed length control field | 01616nam a2200349 a 4500 |
| 082 04 - DEWEY DECIMAL CLASSIFICATION NUMBER | |
| Classification number | 170 |
| 100 1# - MAIN ENTRY--AUTHOR NAME | |
| Personal name | Riker, John H., |
| 245 10 - TITLE STATEMENT | |
| Title | Why it is good to be good |
| 260 ## - PUBLICATION, DISTRIBUTION, ETC. (IMPRINT) | |
| Place of publication | Lanham, Md. : |
| Name of publisher | Jason Aronson, |
| Year of publication | c2010. |
| 300 ## - PHYSICAL DESCRIPTION | |
| Number of Pages | xiii, 177 p. |
| 505 0# - FORMATTED CONTENTS NOTE | |
| Formatted contents note | The moral problem of modernity -- Kohut's theory of the self -- Kohut and the philosophic tradition -- A new metapsychology : Freud, Aristotle, Heidegger, and Kohut -- Why it is good to be good -- A self psychological vision of ethical life -- Self psychology and modernity : actualizing self in the age of desire -- Social transformations. |
| 650 #0 - SUBJECT ADDED ENTRY--TOPICAL TERM | |
| Topical Term | Ethics. |
| Topical Term | Self psychology. |
| Topical Term | Psychology and philosophy. |
| 856 40 - ELECTRONIC LOCATION AND ACCESS | |
| Uniform Resource Identifier | http://site.ebrary.com/lib/rucke/Doc?id=10492811 |
No items available.
